000 00874nam a22002297a 4500
999 _c10478
_d10478
003 AR-CdUCM
008 190401b ||||| |||| 00| 0 spa d
040 _aMUNICIPALIDAD PROVINCIAL DEL CUSCO
_cBIBLIOTECA MUNICIPAL DEL CUSCO
082 _a574.1 /
_bM86 / 1891
100 _aMorel de Rubempré, M. J.
_927360
245 _aLos secretos de la generación :
_bEl arte de engendrar niños o niñas segun se quiera /
260 _aBarcelona :
_bFelipe N. Curriols,
_c1891
300 _a286 paginas ;
_c17 cm.
505 _aContenido: Partes genitales del hombre -- partes sexuales del hombre -- partes sexuales de la mujer -- Hijos -- Arte de formar hijos sanos y rubustos...
650 _aSexualidad
_99609
650 _aHijos
_927361
650 _aPareja
_927362
650 _aPapas
_927363
700 _aBordov, Joaquin
_927364
942 _2ddc
_cLIBROS
945 _apjha